Aspectos de la economía política cubana en la época actual : (Record no. 4757)

MARC details
000 -CABECERA
campo de control de longitud fija 00794nam a2200181 a 4500
005 - FECHA Y HORA DE LA ÚLTIMA TRANSACCIÓN
campo de control 20220901063800.0
008 - ELEMENTOS DE LONGITUD FIJA--INFORMACIÓN GENERAL
campo de control de longitud fija 991125s1965 cu 000 0 spa u
035 ## - NÚMERO DE CONTROL DEL SISTEMA
Número de control de sistema UPN01000004757
049 ## - COLECCIÓN
Colección CG
050 #4 - SIGNATURA TOPOGRÁFICA DE LA BIBLIOTECA DEL CONGRESO
Número de clasificación LB1644 C9
Número de documento/Ítem A8.3
245 00 - MENCIÓN DE TÍTULO
Título Aspectos de la economía política cubana en la época actual :
Resto del título lecturas.
260 ## - PUBLICACIÓN, DISTRIBUCIÓN, ETC.
Lugar de publicación, distribución, etc. La Habana :
Nombre del editor, distribuidor, etc. Ministerio de Educación,
Fecha de publicación, distribución, etc. 1965.
300 ## - DESCRIPCIÓN FÍSICA
Extensión 127 p. :
Otras características físicas il.
500 ## - NOTA GENERAL
Nota general "Libro de lecturas para uso en la asignatura: Introducción al marxismo-leninismo, en los institutos preuniversitarios. Colectivo de ciencias sociales del Viceministerio de Enseñanza Secundaria del Ministerio de Educación, La Habana"
650 #4 - ASIENTO SECUNDARIO DE MATERIA - TERMINO TEMATICO
Término de materia o nombre geográfico como elemento de entrada POLITICA ECONOMICA -
Subdivisión geográfica CUBA
650 #7 - ASIENTO SECUNDARIO DE MATERIA - TERMINO TEMATICO
Término de materia o nombre geográfico como elemento de entrada Ciencias sociales
Subdivisión general Estudio y enseñanza (Secundaria)
Fuente del encabezamiento o término
9 (RLIN) 8320
905 ## - TIPO DE MATERIAL
Tipo de material Libro
Holdings
Estado de retiro Estado de pérdida Fuente del sistema de clasificación o colocación Estado dañado No para préstamo Código de colección Localización permanente Ubicación/localización actual Ubicación en estantería Total de préstamos Clasificación Código de barras Fecha visto por última vez Número de copia Tipo de ítem Koha
    Library of Congress Classification     Colección General Bib. Gregorio Torres Quintero Bib. Gregorio Torres Quintero Planta baja 4 LB1644 C9 A8.3 41144 31/12/2020 1 Libro